000
00208nam a22000977a 4500
082
_a
741.642
245
_a
Anne of Green Gables
260
_a
Delhi
_b
Dolphin Book
_c
2017
650
_a
children book
942
_c
BK
999
_c
68422
_d
68422